000 01440cam a22002533a 4500
001 4000
003 PGUSA
005 20140828083041.0
008 041030s2004||||xxu|||||s|||||000 1 eng d
040 _aPGUSA
_beng
042 _adc
050 4 _aPQ
245 1 4 _aThe Immortals :
_bMasterpieces of Fiction, Crowned by the French Academy — Complete
_h[electronic resource] /
_cVarious
260 _bProject Gutenberg,
_c2004
505 0 _aAn Attic Philosopher by E. Souvestre -- Madame Chrysantheme by Pierre Loti -- Conscience by Hector Malot -- Gerfaut by Charles de Bernard -- Fromont and Risler by Alphonse Daudet -- The Ink-Stain by Rene Bazin -- Jacqueline by Th. Bentzon (Mme. Blanc) -- Cosmopolis by Paul Bourget -- A Romance of Youth by Francois Coppee -- L'Abbe Constantin by Ludovic Halevy -- Cinq Mars by Alfred de Vigny -- Monsieur de Camors by Octave Feuillet -- Child of The Century Alfred de Musset -- A Woodland Queen by Andre Theuriet -- Zebiline by Phillipe de Masa -- Prince Zilah by Jules Claretie -- Monsieur, Madame and Bebe by Gustave Droz -- The Red Lily by Anatole France -- Serge Panine by Georges Ohnet.
506 _aPublic domain in the USA.
516 _aElectronic text
653 _aLiterature -- Collections
653 _aFrench fiction
740 0 _aThe French Immortals Series — Complete
830 0 _aProject Gutenberg
_v4000
856 4 0 _uhttp://www.gutenberg.org/ebooks/4000
942 _cEB
999 _c233329
_d233329